000 02224cam a22003011i 4500
003 SA-RiAUC
005 20240911135948.0
008 240911s1998 su g 00000 ara c
040 _aSA-AbKKU
_bara
_cSA-RiAUC
_erda
082 0 4 _a245
_qSA-RiAUC
090 _a245
_bق ف ا
100 1 _aالقفاري، ناصر بن عبد الله بن علي،
_d1372 هجري-
_eمؤلف.
245 1 0 _aمسألة التقريب بين أهل السنة والشيعة /
_cناصر بن عبد الله بن علي القفاري.
250 _aالطبعة الخامسة.
264 1 _aالرياض :
_bدار طيبة،
_c1998
300 _aمجلدات؛
_c24 سم.
336 _aنص
_btxt
_2rdacontent
_3كتاب
337 _aبدون وسيط
_bn
_2rdamedia
338 _aمجلد
_bnc
_2rdacarrier
500 _aاصل هذا الكتاب رسالة علمية
650 7 _aالفرق الإسلامية
_2aucsh
650 7 _aأهل السنة
_2aucsh
650 7 _aالشيعة (فرقة إسلامية)
_2aucsh
856 _uhttp://saaid.net/book/open.php?cat=120&book=3675
_yExternal Link
_2 نرجو الانتباه لإمكانية وجود اختلاف في الطبعة أو الناشر بين البيانات على البوابة وما ستجده على الكتاب نظرا لمحدودية المعلومات المتاحة على الموقع الناشر للمادة.
_3Please note that there may be a difference in the edition or publisher between the data on the portal and the book due to the limited information available on the publisher website for the material.
856 _uhttp://www.saaid.net/book/9/2500.zip
_yDigital Copy
_2 نرجو الانتباه لإمكانية وجود اختلاف في الطبعة أو الناشر بين البيانات على البوابة وما ستجده على الكتاب نظرا لمحدودية المعلومات المتاحة على الموقع الناشر للمادة.
_3Please note that there may be a difference in the edition or publisher between the data on the portal and the book due to the limited information available on the publisher website for the material.
942 _2ddc
_cBOOK
949 _aSA-JeALM
_d240911
_umohamedma123
_n1
999 _c194
_d194